[Event "4NCL/Div1/MMNWE1 vs. WGR1"]
[Site "Telford ENG"]
[Date "2004.03.20"]
[Round "5.7"]
[White "Hughes, Howard R"]
[Black "Emms, John M"]
[Result "0-1"]
[WhiteElo "2212"]
[BlackElo "2501"]
[PlyCount "96"]
[EventDate "2004.03.20"]

1. e4 c5 2. d4 cxd4 3. c3 Nf6 4. e5 Nd5 5. Nf3 e6 6. cxd4 d6 7. Bc4 Nb6 8. Bb3
dxe5 9. Nxe5 Nc6 10. Nxc6 bxc6 11. O-O Be7 12. Nc3 O-O 13. Qf3 Ba6 14. Rd1 Rc8
15. Bf4 Bc4 16. Bc2 Bd5 17. Qh3 g6 18. Nxd5 Nxd5 19. Be5 Bf6 20. Be4 Bxe5 21.
dxe5 Qc7 22. Qg3 Rb8 23. b3 Rb4 24. Bc2 Kg7 25. a3 Rf4 26. Rxd5 cxd5 27. Qxf4
Qxc2 28. Qb4 Rc8 29. h3 Qc3 30. Qxc3 Rxc3 31. Rb1 g5 32. Kh2 h5 33. g4 h4 34.
a4 f6 35. exf6+ Kxf6 36. Kg2 d4 37. b4 Ra3 38. a5 Ra4 39. Kf3 Ke5 40. Rb2 Ra3+
41. Ke2 Ke4 42. Kd2 e5 43. Rc2 Rd3+ 44. Ke2 Rxh3 45. Rc7 Rb3 46. f3+ Kf4 47.
Rxa7 Rxb4 48. a6 Ra4 0-1

[Event "4NCL/Div1/MMNWE1 vs. WGR1"]
[Site "Telford ENG"]
[Date "2004.03.20"]
[Round "5.8"]
[White "Hunt, Harriet"]
[Black "Walker, Ellen"]
[Result "1-0"]
[WhiteElo "2392"]
[BlackElo "1568"]
[PlyCount "91"]
[EventDate "2004.03.20"]

1. e4 e5 2. Nf3 Nc6 3. Bb5 Bc5 4. c3 Nf6 5. O-O O-O 6. d4 exd4 7. cxd4 Bb6 8.
Nc3 d6 9. h3 h6 10. Re1 Ne7 11. Qd3 c6 12. Ba4 d5 13. e5 Bf5 14. exf6 Bxd3 15.
fxe7 Qd6 16. exf8=Q+ Rxf8 17. Be3 Bc7 18. Ne5 Ba6 19. Bf4 Qf6 20. Bg3 Qf5 21.
Nxc6 bxc6 22. Bxc7 Rc8 23. Bg3 Qd7 24. Bc2 Qb7 25. Na4 Qb4 26. Rad1 Bb5 27. a3
Qa5 28. Nc5 Qb6 29. Re7 Ba6 30. Rde1 g6 31. b4 Qd8 32. Nxa6 Kf8 33. R7e3 Qf6
34. Be5 Qd8 35. Nc5 Kg8 36. Bg3 Qg5 37. h4 Qg4 38. Re8+ Rxe8 39. Rxe8+ Kg7 40.
Be5+ f6 41. Re7+ Kf8 42. Bxf6 Qh5 43. Ne6+ Kg8 44. Rg7+ Kh8 45. Rxg6+ Kh7 46.
Nf8# 1-0

[Event "4NCL/Div1/BAR1 vs. GUI1"]
[Site "Telford ENG"]
[Date "2004.03.20"]
[Round "5.2"]
[White "Conquest, Stuart C"]
[Black "Knott, Simon"]
[Result "1-0"]
[WhiteElo "2543"]
[BlackElo "2370"]
[PlyCount "103"]
[EventDate "2004.03.20"]

1. e4 e6 2. d4 d5 3. Nd2 c5 4. exd5 Qxd5 5. dxc5 Bxc5 6. Ngf3 Nf6 7. Bc4 Qd6 8.
Qe2 Nbd7 9. Nb3 a6 10. a4 b6 11. O-O O-O 12. Rd1 Qc7 13. Nxc5 Nxc5 14. Rd4 Bb7
15. Bf4 Qc6 16. Rd6 Qc7 17. Rd4 Qc6 18. a5 b5 19. Ba2 Rfd8 20. Rad1 Rxd4 21.
Rxd4 Qe8 22. Be5 Ncd7 23. Bd6 Bd5 24. Bb1 Rc8 25. c3 Rc4 26. Rxc4 bxc4 27. Nd2
Qa8 28. f3 Qc6 29. Bb4 Qc7 30. Qe3 h6 31. Bc2 Qb8 32. Bd1 Qc7 33. Be2 Kh8 34.
Qd4 e5 35. Qh4 Kg8 36. Nxc4 e4 37. Qg3 Qa7+ 38. Qf2 Qc7 39. Ne3 exf3 40. Bxf3
Bxf3 41. Qxf3 Qe5 42. h3 g6 43. Nc4 Qe1+ 44. Qf1 Qe6 45. Bd6 Ne4 46. Bh2 Qd5
47. Bf4 g5 48. Be3 Ng3 49. Qf3 Qxc4 50. Qxg3 Qd3 51. Kh2 Nf8 52. Bd4 1-0

[Event "4NCL/Div1/BAR1 vs. GUI1"]
[Site "Telford ENG"]
[Date "2004.03.20"]
[Round "5.3"]
[White "Palliser, Richard"]
[Black "Flear, Glenn C"]
[Result "1/2-1/2"]
[WhiteElo "2399"]
[BlackElo "2489"]
[PlyCount "45"]
[EventDate "2004.03.20"]

1. d4 d5 2. c4 dxc4 3. Nf3 Nf6 4. e3 e6 5. Bxc4 c5 6. O-O a6 7. a4 Nc6 8. Nc3
Qc7 9. Qe2 Be7 10. Rd1 O-O 11. b3 Rd8 12. Bb2 Bd7 13. d5 exd5 14. Nxd5 Nxd5 15.
Bxd5 Be8 16. e4 Nb4 17. Be5 Bd6 18. Qb2 Bxe5 19. Nxe5 Rac8 20. a5 b5 21. axb6
Qxb6 22. Rac1 Qf6 23. Nc4 1/2-1/2

[Event "4NCL/Div1/BAR1 vs. GUI1"]
[Site "Telford ENG"]
[Date "2004.03.20"]
[Round "5.5"]
[White "Collinson, Adam"]
[Black "King, Daniel J"]
[Result "0-1"]
[WhiteElo "2391"]
[BlackElo "2497"]
[PlyCount "120"]
[EventDate "2004.03.20"]

1. e4 c5 2. Nf3 d6 3. c3 Nf6 4. Bd3 Nc6 5. Bc2 Bg4 6. d3 e6 7. Nbd2 Be7 8. h3
Bh5 9. Nf1 d5 10. Ng3 Bg6 11. Qe2 Qc7 12. Bg5 O-O-O 13. e5 Nh5 14. Bxe7 Qxe7
15. Nxh5 Bxh5 16. g4 Bg6 17. O-O-O d4 18. c4 h5 19. a3 Qc7 20. Rde1 hxg4 21.
hxg4 Rxh1 22. Rxh1 a6 23. Ba4 Ne7 24. Nd2 b5 25. Bc2 Qb7 26. Rh2 Kc7 27. f4 Rb8
28. Qf3 Qxf3 29. Nxf3 Nc6 30. b3 Rf8 31. Nh4 Rh8 32. Kd2 f6 33. exf6 gxf6 34.
Nf3 Rxh2+ 35. Nxh2 b4 36. a4 f5 37. Bd1 Kd6 38. Nf1 e5 39. gxf5 Bxf5 40. Ng3
Ke6 41. Bf3 Na5 42. Bd5+ Kf6 43. fxe5+ Kxe5 44. Kc2 Kf4 45. Nxf5 Kxf5 46. Be4+
Kf4 47. Bg2 Ke3 48. Be4 Ke2 49. Bg2 Nxb3 50. Kxb3 Kxd3 51. Bf1+ Kd2 52. a5 d3
53. Kb2 Ke3 54. Kb3 d2 55. Kc2 Kf2 56. Bh3 Ke1 57. Bg4 b3+ 58. Kxb3 d1=Q+ 59.
Bxd1 Kxd1 60. Kc3 Ke2 0-1

[Event "4NCL/Div1/BAR1 vs. GUI1"]
[Site "Telford ENG"]
[Date "2004.03.20"]
[Round "5.6"]
[White "Plaskett, James"]
[Black "Rogers, Jonathan W"]
[Result "1-0"]
[WhiteElo "2483"]
[BlackElo "2338"]
[PlyCount "63"]
[EventDate "2004.03.20"]

1. e4 e5 2. Nf3 d5 3. exd5 e4 4. Qe2 Qe7 5. Nd4 Nf6 6. Nc3 Nbd7 7. Nf5 Qe5 8.
Ng3 Bd6 9. Ngxe4 O-O 10. d4 Qxd4 11. Nxd6 cxd6 12. Be3 Qb4 13. O-O-O Ne5 14.
Qb5 Qh4 15. Rd4 Qh5 16. h3 Bf5 17. Qe2 Neg4 18. hxg4 Qxh1 19. gxf5 Rfe8 20. Rd1
a6 21. Qf3 Qh4 22. Bf4 Rad8 23. Be2 b5 24. g4 b4 25. Nb1 Ne4 26. Be3 a5 27. Nd2
Nxd2 28. Bxd2 Rc8 29. Bd3 Rb8 30. Rh1 Qf6 31. g5 Qd4 32. Qh5 1-0

[Event "4NCL/Div1/BAR1 vs. GUI1"]
[Site "Telford ENG"]
[Date "2004.03.20"]
[Round "5.7"]
[White "Trent, Lawrence"]
[Black "Gormally, Daniel W"]
[Result "1/2-1/2"]
[WhiteElo "2377"]
[BlackElo "2471"]
[PlyCount "93"]
[EventDate "2004.03.20"]

1. e4 e5 2. Nf3 Nc6 3. Bc4 Nf6 4. Ng5 d5 5. exd5 Na5 6. Bb5+ c6 7. dxc6 bxc6 8.
Be2 h6 9. Nh3 Bc5 10. d3 O-O 11. O-O Bf5 12. Nc3 Qc8 13. Bf3 Bxh3 14. gxh3 Qxh3
15. Bg2 Qh4 16. Qf3 Rad8 17. Qg3 Qxg3 18. hxg3 Nd5 19. Bd2 Bb6 20. Nxd5 cxd5
21. b4 Nc6 22. c4 Bd4 23. Rab1 Ne7 24. c5 f5 25. Be3 Bc3 26. Rfd1 f4 27. Bd2
Bd4 28. gxf4 Ng6 29. a4 Nxf4 30. Bxf4 Rxf4 31. Rd2 Kf7 32. Rc2 Ke7 33. a5 a6
34. c6 Rdf8 35. Rf1 Kd6 36. c7 Rc8 37. Rfc1 g5 38. Rc6+ Ke7 39. R1c2 g4 40.
Rxh6 Rxf2 41. Rxf2 g3 42. Bxd5 gxf2+ 43. Kf1 Rxc7 44. Rh7+ Kd6 45. Rxc7 Kxc7
46. Bc4 Bc3 47. b5 1/2-1/2

[Event "4NCL/Div1/BAR1 vs. GUI1"]
[Site "Telford ENG"]
[Date "2004.03.20"]
[Round "5.8"]
[White "Yurenok, Maria S"]
[Black "Bhatia, Kanwal K"]
[Result "0-1"]
[WhiteElo "2100"]
[BlackElo "2065"]
[PlyCount "54"]
[EventDate "2004.03.20"]

1. d4 Nf6 2. Nf3 c5 3. e3 b6 4. Bd3 Bb7 5. O-O g6 6. Nbd2 Bg7 7. c3 d5 8. Ne5
Nbd7 9. f4 e6 10. Qf3 O-O 11. g4 Nxe5 12. dxe5 Nd7 13. g5 Bxe5 14. fxe5 Nxe5
15. Qe2 Qxg5+ 16. Kh1 Nxd3 17. Qxd3 f5 18. Nf3 Qg4 19. Qe2 e5 20. Qg2 d4 21.
cxd4 cxd4 22. exd4 exd4 23. Kg1 Qe4 24. Bd2 Rac8 25. Rae1 Qd5 26. Bb4 Rfe8 27.
Rxe8+ Rxe8 $138 0-1

[Event "4NCL/Div1/3CS1 vs. WWKS"]
[Site "Telford ENG"]
[Date "2004.03.20"]
[Round "5.1"]
[White "Davies, Nigel R"]
[Black "Thomas, Nicholas"]
[Result "1/2-1/2"]
[WhiteElo "2502"]
[BlackElo "2263"]
[PlyCount "68"]
[EventDate "2004.03.20"]

1. Nf3 e6 2. g3 f5 3. Bg2 Nf6 4. O-O d6 5. c4 Be7 6. Nc3 O-O 7. d3 e5 8. Rb1
Qe8 9. b4 Qh5 10. e3 f4 11. exf4 Bg4 12. h3 Bxh3 13. Bxh3 Qxh3 14. Ng5 Qf5 15.
Nge4 exf4 16. Bxf4 Nc6 17. Nxf6+ Bxf6 18. Nd5 Qh3 19. Re1 Be5 20. Re4 g5 21.
Be3 Bxg3 22. fxg3 Qxg3+ 23. Kh1 Qh3+ 24. Kg1 Rf3 25. Bf2 Rxf2 26. Kxf2 Rf8+ 27.
Nf4 Ne5 28. Qg1 Rxf4+ 29. Rxf4 Nxd3+ 30. Ke2 Nxf4+ 31. Kf2 Nd3+ 32. Ke2 Nf4+
33. Kf2 Nd3+ 34. Ke2 Nf4+ 1/2-1/2

[Event "4NCL/Div1/3CS1 vs. WWKS"]
[Site "Telford ENG"]
[Date "2004.03.20"]
[Round "5.2"]
[White "Hynes, Anthony"]
[Black "Arkell, Keith C"]
[Result "0-1"]
[WhiteElo "2289"]
[BlackElo "2531"]
[PlyCount "78"]
[EventDate "2004.03.20"]

1. e4 g6 2. d4 Bg7 3. Nc3 c6 4. f4 d5 5. e5 h5 6. Nf3 Nh6 7. Be3 Bg4 8. h3 Bxf3
9. Qxf3 Nf5 10. Bf2 h4 11. Bd3 Na6 12. O-O Qd7 13. Bxa6 bxa6 14. Na4 e6 15. Nc5
Qc8 16. c4 Bf8 17. Na4 Be7 18. cxd5 cxd5 19. Rac1 Qd7 20. Nc5 Bxc5 21. Rxc5 O-O
22. Qa3 Rab8 23. Qxa6 Rxb2 24. Rfc1 Qb7 25. Qxb7 Rxb7 26. Kf1 Rb4 27. Ra5 Rfb8
28. Rxa7 Nxd4 29. Bxh4 Nb5 30. Rd7 Rxf4+ 31. Bf2 Nd4 32. Ke1 Rb2 33. Bxd4 Rxd4
34. Rc8+ Kg7 35. Rcc7 Re4+ 36. Kf1 Rf4+ 37. Kg1 Rxa2 38. Kh2 Re2 39. Kg3 Rf5
0-1

[Event "4NCL/Div1/3CS1 vs. WWKS"]
[Site "Telford ENG"]
[Date "2004.03.20"]
[Round "5.3"]
[White "Ashton, Adam G"]
[Black "Mason, Don"]
[Result "1/2-1/2"]
[WhiteElo "2235"]
[BlackElo "2280"]
[PlyCount "79"]
[EventDate "2004.03.20"]

1. e4 e6 2. d4 d5 3. Nc3 Bb4 4. e5 c5 5. Bd2 Ne7 6. Nb5 Bxd2+ 7. Qxd2 O-O 8. f4
Nbc6 9. Nf3 a6 10. Nd6 Nxd4 11. Nxd4 cxd4 12. Bd3 Nc6 13. O-O f6 14. Qe2 g6 15.
Qg4 f5 16. Qh3 b5 17. Kh1 Na5 18. b3 Nb7 19. Nxb7 Bxb7 20. g4 b4 21. gxf5 exf5
22. Rg1 Bc8 23. Rg2 Ra7 24. Rag1 Rff7 25. Qh6 Qf8 26. Qh4 Qe7 27. Qf2 Qc5 28.
h4 Rg7 29. h5 gxh5 30. Qh4 Qf8 31. Qxh5 Rxg2 32. Rxg2+ Rg7 33. Qf3 Rxg2 34.
Qxg2+ Qg7 35. Qxd5+ Kh8 36. Qd8+ Qg8 37. Qf6+ Qg7 38. Qd8+ Qg8 39. Qf6+ Qg7 40.
Qd8+ 1/2-1/2

[Event "4NCL/Div1/3CS1 vs. WWKS"]
[Site "Telford ENG"]
[Date "2004.03.20"]
[Round "5.4"]
[White "Dighton, Simon"]
[Black "Gordon, Stephen J"]
[Result "1/2-1/2"]
[WhiteElo "2247"]
[BlackElo "2284"]
[PlyCount "56"]
[EventDate "2004.03.20"]

1. e4 c5 2. c3 Nf6 3. e5 Nd5 4. d4 cxd4 5. Nf3 Nc6 6. Bc4 Nb6 7. Bb3 d5 8. exd6
Qxd6 9. O-O Be6 10. Na3 dxc3 11. Nb5 Qxd1 12. Rxd1 Rc8 13. Bxe6 fxe6 14. bxc3
Nc4 15. Nbd4 e5 16. Nxc6 Rxc6 17. Rb1 b6 18. Rb5 a6 19. Rbd5 Rd6 20. Ng5 h6 21.
Ne4 Rxd5 22. Rxd5 e6 23. Rd3 Be7 24. Kf1 Kf7 25. Rf3+ Kg6 26. Rg3+ Kf7 27. Rf3+
Kg6 28. Rg3+ Kf7 1/2-1/2

[Event "4NCL/Div1/3CS1 vs. WWKS"]
[Site "Telford ENG"]
[Date "2004.03.20"]
[Round "5.5"]
[White "Taylor, Robert M"]
[Black "James, Russell A"]
[Result "1/2-1/2"]
[WhiteElo "2175"]
[BlackElo "2209"]
[PlyCount "85"]
[EventDate "2004.03.20"]

1. e4 d5 2. exd5 Nf6 3. Bb5+ Nbd7 4. Nf3 a6 5. Be2 Nxd5 6. d4 b5 7. O-O e6 8.
a4 b4 9. c4 bxc3 10. bxc3 Be7 11. a5 O-O 12. c4 N5f6 13. Nc3 Bb7 14. Qd3 c5 15.
d5 exd5 16. cxd5 c4 17. Qxc4 Rc8 18. Qd4 Nc5 19. Bc4 Ne8 20. Bf4 Nd6 21. Bxd6
Bxd6 22. Ne4 {(=)} 22... Nxe4 23. Qxe4 Rc5 24. Rfd1 Re8 25. Qd3 Rxa5 26. Rxa5
Qxa5 27. g3 Bc8 28. h4 g6 29. Kg2 Bf5 30. Qd2 Qa4 31. Bd3 Bg4 32. Re1 a5 33.
Rxe8+ Qxe8 34. Qxa5 Qc8 35. Ng1 Bd7 36. Qd2 Qb7 37. Be4 f5 38. Bf3 Qc7 39. Nh3
Kg7 40. Ng5 h6 41. Ne6+ Bxe6 42. dxe6 Qe7 43. Qb2+ 1/2-1/2

[Event "4NCL/Div1/3CS1 vs. WWKS"]
[Site "Telford ENG"]
[Date "2004.03.20"]
[Round "5.6"]
[White "Wu, Li"]
[Black "Bentley, John L"]
[Result "1/2-1/2"]
[WhiteElo "2167"]
[BlackElo "2218"]
[PlyCount "111"]
[EventDate "2004.03.20"]

1. d4 Nf6 2. c4 g6 3. Nc3 Bg7 4. e4 d6 5. Be2 O-O 6. Nf3 c5 7. d5 b5 8. cxb5 a6
9. a4 axb5 10. Bxb5 Ba6 11. Bd2 Ne8 12. O-O Nc7 13. Qe2 Bxb5 14. axb5 Rxa1 15.
Rxa1 Nd7 16. Bf4 Qb8 17. e5 dxe5 18. Nxe5 Nxe5 19. Bxe5 Bxe5 20. Qxe5 Re8 21.
Qe2 Qb6 22. Qc4 Rb8 {(=)} 23. b4 cxb4 24. Qxb4 Qd6 25. Qxd6 exd6 26. Rb1 Na8
27. Na4 Nc7 28. Nc3 Na8 29. Ne4 Nb6 30. Nxd6 Nxd5 31. Kf1 Kf8 32. Rd1 Nc3 33.
Rd3 Ke7 34. Rxc3 Kxd6 35. Rf3 Rb7 36. b6 f5 37. Rb3 Kc5 38. Ke2 Rxb6 39. Rxb6
Kxb6 40. Ke3 Kc5 41. Kf4 Kd4 42. Kg5 Kd3 43. f4 Ke3 44. g3 Kf3 45. Kh6 Kg4 46.
Kxh7 g5 47. h3+ Kxg3 48. fxg5 f4 49. g6 f3 50. g7 f2 51. g8=Q+ Kxh3 52. Qc4 Kg2
53. Qg4+ Kh1 54. Qh3+ Kg1 55. Qg3+ Kh1 56. Qxf2 1/2-1/2

[Event "4NCL/Div1/3CS1 vs. WWKS"]
[Site "Telford ENG"]
[Date "2004.03.20"]
[Round "5.7"]
[White "Walton, Alan J"]
[Black "Baruch, Andrew J D"]
[Result "1-0"]
[WhiteElo "2126"]
[BlackElo "2106"]
[PlyCount "53"]
[EventDate "2004.03.20"]

1. d4 Nf6 2. Bg5 e6 3. e4 h6 4. Bxf6 Qxf6 5. Nc3 d6 6. Bc4 a6 7. a4 Nd7 8. Nge2
g6 9. O-O Qd8 10. f4 Nb6 11. Ba2 d5 12. f5 g5 13. Ng3 Bg7 14. Nh5 Rg8 15. f6
Bh8 16. e5 c5 17. Qd3 Rg6 18. Ne2 cxd4 19. Nxd4 Qc7 20. a5 Nd7 21. Nxe6 Qxa5
22. Neg7+ Kf8 23. Bxd5 Qc5+ 24. Kh1 Nxe5 25. Rae1 Rxf6 26. Rxe5 Bxg7 27. Nxf6
1-0

[Event "4NCL/Div1/3CS1 vs. WWKS"]
[Site "Telford ENG"]
[Date "2004.03.20"]
[Round "5.8"]
[White "Chevannes, Sabrina"]
[Black "Kosteniuk, Oxana"]
[Result "1-0"]
[WhiteElo "2052"]
[BlackElo "2113"]
[PlyCount "78"]
[EventDate "2004.03.20"]

1. d4 d5 2. Nf3 Nf6 3. c3 Ne4 4. Bf4 c5 5. e3 Qb6 6. Qb3 Qxb3 7. axb3 Nc6 8.
Nbd2 Nxd2 9. Kxd2 cxd4 10. exd4 Bf5 11. b4 f6 12. b5 Nd8 13. Bc7 g6 14. Bd3
Bh6+ 15. Kc2 Bxd3+ 16. Kxd3 Ne6 17. Bb6 Nf4+ 18. Kc2 Nxg2 19. Bxa7 Kd7 20. Bc5
Nf4 21. Rhe1 Rxa1 22. Rxa1 Nh3 23. Rf1 Bf4 24. Ne1 Bxh2 25. Rh1 Nxf2 26. Rxh2
Ng4 27. Re2 e6 28. Nd3 g5 29. Bb6 h5 30. Nc5+ Kc8 31. Rxe6 h4 32. Re7 h3 33.
Rc7+ Kb8 34. Rxb7+ Ka8 35. Ra7+ Kb8 36. Nd7+ Kc8 37. Nc5 Kb8 38. Na6+ Kc8 39.
Rc7+ Kd8 1-0

[Event "4NCL/Div1/BET vs. AD1"]
[Site "Telford ENG"]
[Date "2004.03.20"]
[Round "5.1"]
[White "Pert, Nicholas"]
[Black "Mestel, A Jonathan"]
[Result "1-0"]
[WhiteElo "2504"]
[BlackElo "2496"]
[PlyCount "53"]
[EventDate "2004.03.20"]

1. d4 d6 2. g3 e5 3. dxe5 dxe5 4. Qxd8+ Kxd8 5. Nc3 c6 6. f4 Nd7 7. Nf3 Bd6 8.
Ng5 Nh6 9. Nge4 Bc7 10. fxe5 Bxe5 11. Bxh6 gxh6 12. Bh3 Ke7 13. O-O-O Nf6 14.
Bxc8 Raxc8 15. Nxf6 Bxf6 16. Ne4 Rcd8 17. Nxf6 Kxf6 18. Rhf1+ Kg6 19. Rd3 Rhe8
20. Kd2 f5 21. Rf4 h5 22. Rb4 b5 23. Rbd4 Rxd4 24. Rxd4 Re6 25. b4 a6 26. e3
Re4 27. Rxe4 1-0

[Event "4NCL/Div1/BET vs. AD1"]
[Site "Telford ENG"]
[Date "2004.03.20"]
[Round "5.2"]
[White "Richardson, John R"]
[Black "Ansell, Simon"]
[Result "1/2-1/2"]
[WhiteElo "2293"]
[BlackElo "2371"]
[PlyCount "78"]
[EventDate "2004.03.20"]

1. d4 d5 2. Nf3 Nf6 3. c4 c6 4. e3 Bf5 5. Nc3 e6 6. Qb3 Qb6 7. c5 Qc7 8. Nh4 b6
9. Nxf5 exf5 10. cxb6 axb6 11. Bd3 g6 12. Bd2 Nbd7 13. Rc1 Qb7 14. f3 Bh6 15.
O-O O-O 16. Qc2 Rfe8 17. Rce1 b5 18. a3 Qb6 19. Kh1 Re7 20. Na2 Rae8 21. f4 Bg7
22. Rc1 Nb8 23. Nb4 Re6 24. h3 Qd8 25. Qd1 Ng4 26. Nxc6 Nxc6 27. Bxb5 Rxe3 28.
Bxc6 Qh4 29. Bxe3 Rxe3 30. Rf3 Nf2+ 31. Rxf2 Qxf2 32. Bxd5 Bh6 33. Qg1 Qg3 34.
a4 Bxf4 35. a5 Qh4 36. Qf1 Qg3 37. Qg1 Qh4 38. Qf1 Qg3 39. Qg1 Qh4 1/2-1/2

[Event "4NCL/Div1/BET vs. AD1"]
[Site "Telford ENG"]
[Date "2004.03.20"]
[Round "5.3"]
[White "Pert, Richard G"]
[Black "Lyell, Mark"]
[Result "1-0"]
[WhiteElo "2424"]
[BlackElo "2272"]
[PlyCount "63"]
[EventDate "2004.03.20"]

1. d4 e6 2. Nf3 Nf6 3. c4 b6 4. a3 Be7 5. Nc3 Bb7 6. d5 O-O 7. e4 d6 8. Nd4 c5
9. Nc2 Nbd7 10. Be2 Ne8 11. O-O Bf6 12. Qe1 Nc7 13. Be3 Bxc3 14. Qxc3 exd5 15.
exd5 b5 16. b3 Qh4 17. Qd2 Nf6 18. f3 Rfe8 19. Rfe1 h6 20. Bf4 Rad8 21. Bg3 Qg5
22. Bf4 Qh4 23. Bd3 Nh5 24. Bxh6 f6 25. Be3 Re5 26. f4 Re7 27. Qf2 Qxf2+ 28.
Kxf2 g5 29. fxg5 fxg5 30. Bxg5 Rf8+ 31. Kg1 Rg7 32. Bh6 1-0

[Event "4NCL/Div1/BET vs. AD1"]
[Site "Telford ENG"]
[Date "2004.03.20"]
[Round "5.4"]
[White "Snape, Ian"]
[Black "Williams, Simon K"]
[Result "0-1"]
[WhiteElo "2251"]
[BlackElo "2396"]
[PlyCount "60"]
[EventDate "2004.03.20"]

1. e4 e6 2. d4 d5 3. exd5 exd5 4. c4 Nf6 5. Nc3 Bb4 6. Bd3 Be6 7. cxd5 Nxd5 8.
Nge2 Nd7 9. O-O N7b6 10. Ne4 Be7 11. Nc5 Bc8 12. Ng3 O-O 13. a3 g6 14. Bh6 Re8
15. Re1 Bf6 16. Qd2 Rxe1+ 17. Rxe1 Rb8 18. a4 a5 19. Nce4 Be7 20. Nc5 Nd7 21.
Qe2 Nxc5 22. dxc5 Be6 23. Ne4 Nb4 24. Bb1 Qd5 25. Qf3 Rd8 26. Nf6+ Bxf6 27.
Qxf6 Qd4 28. Qe7 Nc6 29. Qxc7 Qd1 30. Rf1 Bc4 0-1

[Event "4NCL/Div1/BET vs. AD1"]
[Site "Telford ENG"]
[Date "2004.03.20"]
[Round "5.5"]
[White "Hunt, Adam C"]
[Black "Graham, David B"]
[Result "1-0"]
[WhiteElo "2411"]
[BlackElo "2237"]
[PlyCount "73"]
[EventDate "2004.03.20"]

1. e4 d6 2. d4 Nf6 3. Nc3 g6 4. Be3 Bg7 5. Qd2 c6 6. f3 b5 7. g4 Qa5 8. h4 h6
9. Nge2 Nbd7 10. Ng3 Nb6 11. h5 g5 12. Bd3 Nc4 13. Bxc4 bxc4 14. Qe2 Be6 15.
Nf5 Bxf5 16. gxf5 d5 17. e5 Nd7 18. f4 Rb8 19. fxg5 Rxb2 20. Bd2 hxg5 21. f6
Bh6 22. fxe7 Rxc2 23. e6 fxe6 24. Qxe6 Qc7 25. Ne2 Rxd2 26. Kxd2 g4+ 27. Kc2
Qa5 28. Nc3 Nc5 29. dxc5 d4 30. Qc8+ Kxe7 31. Rae1+ Be3 32. Rxe3+ dxe3 33. Qxh8
Qxc5 34. Qg7+ Kd8 35. Rd1+ Kc8 36. Qd7+ Kb8 37. Rb1+ 1-0

[Event "4NCL/Div1/BET vs. AD1"]
[Site "Telford ENG"]
[Date "2004.03.20"]
[Round "5.6"]
[White "Anderton, David W"]
[Black "Ledger, Andrew J"]
[Result "0-1"]
[WhiteElo "2256"]
[BlackElo "2443"]
[PlyCount "84"]
[EventDate "2004.03.20"]

1. d4 d5 2. c4 c6 3. Nf3 Nf6 4. Nc3 dxc4 5. a4 Bg4 6. Ne5 Bh5 7. g3 Nbd7 8.
Nxc4 e6 9. Bg2 Nb6 10. Ne5 Nfd5 11. O-O a5 12. Qb3 Nb4 13. Rd1 Be7 14. f3 Nd7
15. Nxd7 Qxd7 16. e4 O-O 17. Be3 Kh8 18. Rd2 f5 19. Rf1 Rae8 20. Na2 fxe4 21.
fxe4 Rxf1+ 22. Kxf1 Nxa2 23. Qxa2 Bb4 24. Rf2 c5 25. d5 c4 26. Qxc4 exd5 27.
Qd4 Qxa4 28. Bf3 Qb5+ 29. Kg1 Bxf3 30. Rxf3 Rxe4 31. Qa7 h6 32. Qb8+ Re8 33.
Qc7 Qc6 34. Qf7 Rf8 35. Qh5 Rxf3 36. Qxf3 Bc5 37. Qf2 Bxe3 38. Qxe3 b6 39. Qe2
d4 40. Qe7 Qc1+ 41. Kg2 Qc6+ 42. Kg1 Kh7 0-1

[Event "4NCL/Div1/BET vs. AD1"]
[Site "Telford ENG"]
[Date "2004.03.20"]
[Round "5.7"]
[White "Ledger, Stephen C"]
[Black "Broom, Mark"]
[Result "1/2-1/2"]
[WhiteElo "2211"]
[BlackElo "2170"]
[PlyCount "61"]
[EventDate "2004.03.20"]

1. d4 d5 2. Nf3 Nf6 3. Bf4 Bf5 4. e3 e6 5. Nbd2 Nbd7 6. h3 h6 7. Be2 Be7 8. O-O
O-O 9. c4 c6 10. Qb3 Qb6 11. c5 Qxb3 12. axb3 Ne4 13. b4 Nxd2 14. Nxd2 a6 15.
Nb3 f6 16. Bh2 Ra7 17. Rfc1 Rfa8 18. Na5 Bd8 19. Rc3 Rc8 20. Rca3 Bxa5 21. bxa5
e5 22. Rb3 Re8 23. Bf3 Re7 24. Bg3 Nf8 25. Raa3 Ra8 26. Rb4 Rae8 27. Rab3 Bc2
28. Rc3 Bf5 29. Rcb3 Bc2 30. Rc3 Bf5 31. Rcb3 1/2-1/2

[Event "4NCL/Div1/BET vs. AD1"]
[Site "Telford ENG"]
[Date "2004.03.20"]
[Round "5.8"]
[White "Bellin, Jana"]
[Black "Lyell, Meri"]
[Result "1-0"]
[WhiteElo "2209"]
[BlackElo "2010"]
[PlyCount "77"]
[EventDate "2004.03.20"]

1. d4 f5 2. c4 Nf6 3. Nc3 b6 4. Nf3 Bb7 5. g3 e6 6. Bg2 Be7 7. d5 exd5 8. cxd5
O-O 9. O-O Bb4 10. Nh4 Bxc3 11. bxc3 Ne4 12. c4 Qf6 13. Be3 c5 14. Qc2 Re8 15.
Bh3 g6 16. Rac1 d6 17. Nf3 Nd7 18. Nd2 Ng5 19. Bg2 Nf7 20. Nb3 Ba6 21. Nd2 g5
22. Bh3 Nh6 23. Rce1 Re7 24. Nb1 b5 25. Bc1 bxc4 26. Bb2 Ne5 27. f4 gxf4 28.
gxf4 Rg7+ 29. Kh1 Qh4 30. Qc3 Bb7 31. e4 fxe4 32. Be6+ Kh8 33. fxe5 Ng4 34.
Bxg4 Qxg4 35. Rg1 Bxd5 36. Qe3 Rb8 37. Rxg4 Rxg4 38. Bc3 Rf8 39. exd6+ 1-0

[Event "4NCL/Div1/BAR2 vs. WGR2"]
[Site "Telford ENG"]
[Date "2004.03.20"]
[Round "5.1"]
[White "Woodward, Timothy D M"]
[Black "Littlewood, Paul E"]
[Result "0-1"]
[WhiteElo "2344"]
[BlackElo "2390"]
[PlyCount "76"]
[EventDate "2004.03.20"]

1. d4 Nf6 2. c4 g6 3. Nc3 Bg7 4. e4 d6 5. Nf3 O-O 6. Be2 e5 7. O-O Na6 8. Be3
Ng4 9. Bg5 Qe8 10. dxe5 Nxe5 11. Qd2 Be6 12. Nxe5 dxe5 13. Rad1 f5 14. f3 Qf7
15. b3 Rfe8 16. Na4 Bf8 17. Be3 f4 18. Bf2 c6 19. c5 Nc7 20. Nb2 Qg7 21. Nc4
Nb5 22. b4 Rad8 23. Qxd8 Rxd8 24. Rxd8 Nc3 25. Bd3 Qc7 26. Ra8 Kg7 27. a3 Be7
28. Rc1 Nb5 29. Rd1 Bf6 30. Bf1 b6 31. Nd6 Nxd6 32. Rxd6 Bc8 33. Bc4 Qb7 34.
Rxc8 Qxc8 35. cxb6 axb6 36. Bxb6 Be7 37. Re6 Qd7 38. Rxe5 Bf6 0-1

[Event "4NCL/Div1/BAR2 vs. WGR2"]
[Site "Telford ENG"]
[Date "2004.03.20"]
[Round "5.2"]
[White "Sowray, Peter J"]
[Black "Taylor, Peter"]
[Result "1-0"]
[WhiteElo "2360"]
[BlackElo "2289"]
[PlyCount "57"]
[EventDate "2004.03.20"]

1. d4 Nf6 2. c4 e6 3. Nf3 c5 4. g3 cxd4 5. Nxd4 Qc7 6. Bg2 a6 7. O-O Qxc4 8.
Nc3 Nc6 9. Nb3 Be7 10. Bf4 Nh5 11. Bd6 Bxd6 12. Qxd6 Qb4 13. Nc5 Qd4 14. Nxb7
Qxd6 15. Nxd6+ Ke7 16. Rfd1 Nf6 17. Rac1 Rb8 18. b3 Bb7 19. Na4 Ba8 20. Nc5 Nb4
21. a3 Bxg2 22. Kxg2 Nbd5 23. Ncb7 Ne8 24. Nc8+ Kf6 25. Nc5 Kg6 26. Nxd7 Rxb3
27. e4 Nec7 28. exd5 Rxc8 29. d6 1-0

[Event "4NCL/Div1/BAR2 vs. WGR2"]
[Site "Telford ENG"]
[Date "2004.03.20"]
[Round "5.3"]
[White "Berry, Neil"]
[Black "Martin, Andrew D"]
[Result "1/2-1/2"]
[WhiteElo "2285"]
[BlackElo "2429"]
[PlyCount "180"]
[EventDate "2004.03.20"]

1. d4 Nf6 2. c4 c5 3. d5 e5 4. Nc3 d6 5. e4 Nbd7 6. Nf3 Be7 7. Bd3 a6 8. a4 O-O
9. h3 Ne8 10. Be3 g6 11. g4 Ng7 12. Bh6 Nf6 13. Ng1 Kh8 14. Qd2 Ng8 15. Be3 f5
16. gxf5 gxf5 17. exf5 Nxf5 18. Bxf5 Bxf5 19. Nge2 Qd7 20. Ng3 Bh4 21. Nxf5
Qxf5 22. O-O-O Nf6 23. Qc2 Qd7 24. Qb3 Rf7 25. Rdg1 Rg8 26. Rxg8+ Nxg8 27. Ne4
Nf6 28. Nxf6 Rxf6 29. Qc2 Qf7 30. Rf1 Qh5 31. Qd1 Rf3 32. Rg1 Qf5 33. Qc2 Bxf2
34. Bxf2 Qxc2+ 35. Kxc2 Rxf2+ 36. Kd3 Rf3+ 37. Ke4 Rf4+ 38. Kd3 Rf6 39. Rg3 Rg6
40. Rf3 Kg7 41. Ke4 Rf6 42. Rg3+ Kf7 43. Rb3 Rf4+ 44. Ke3 Rxc4 45. Rxb7+ Kg6
46. Rb6 Rxa4 47. Rxd6+ Kf5 48. Rh6 Re4+ 49. Kf3 Rd4 50. Rh5+ Kf6 51. Rxh7 Rxd5
52. Rh6+ Kf5 53. Rxa6 Rd3+ 54. Ke2 Rb3 55. Rc6 Rxb2+ 56. Ke3 Rb3+ 57. Ke2 Rb5
58. Ke3 e4 59. Rc8 Rb3+ 60. Kd2 Rd3+ 61. Ke2 Rxh3 62. Rxc5+ Kf4 63. Rc8 Rh2+
64. Ke1 Kf3 65. Re8 Ke3 66. Kf1 Rf2+ 67. Ke1 Ra2 68. Kf1 Ra4 69. Re7 Ra1+ 70.
Kg2 Ra5 71. Kf1 Rf5+ 72. Ke1 Rb5 73. Kf1 Rb1+ 74. Kg2 Kd3 75. Kf2 Rb2+ 76. Ke1
Ke3 77. Kf1 Rb1+ 78. Kg2 Rd1 79. Re8 Kd3 80. Kf2 Rd2+ 81. Ke1 Rh2 82. Re7 Rh4
83. Re8 Ke3 84. Kf1 Rh5 85. Re7 Rh1+ 86. Kg2 Re1 87. Re8 Rc1 88. Re7 Rc4 89.
Kf1 Ra4 90. Re5 Rc4 {1/2-1/2, 104 approx.} 1/2-1/2